| 000 | 00421 a2200133 4500 | ||
|---|---|---|---|
| 020 | _a9953002177 | ||
| 082 |
_a709.956.9 _bC435e |
||
| 100 |
_aChakar, Tony _9708 |
||
| 245 |
_aThe Eyeless Map _cHome Works II: A Forum on Cultural Practices |
||
| 260 |
_aBeirut, Lebanon _bLebanese Association for Plastic Arts, Ashkal Alwan _c2003 |
||
| 300 |
_a80 p _bil _c21 cm |
||
| 650 |
_xarte moderno _zLibano _9709 |
||
| 700 |
_aTony Chakar _9710 |
||
| 999 |
_c144 _d144 |
||